00255nam a22000977a 450000500170000000800410001702000150005804000080007324500350008126000410011620200910145703.0200910b ||||| |||| 00| 0 eng d a0521294053 cCML aRomeo and Juliet.cEvans, G.B. aNew yorkbCambridge Universityc1984